| 000 | 00832cam a22001934a 4500 | ||
|---|---|---|---|
| 005 | 20250605163317.0 | ||
| 008 | 250528s ||||||||||||||||||||||||d | ||
| 035 | _a16607 | ||
| 040 |
_aGR-AtMCL _bgre _dGR-AtMCL _eAACR2 |
||
| 245 | 1 | _aΑσκήσεις Δομικών Υλικών / Ειδικόν Πολυτεχνειακόν Φροντιστήριον | |
| 260 |
_bΠανσπουδαστικον Φροντιστήριον, _c1969 |
||
| 300 | _a100 | ||
| 505 | 0 | _aΑντοχή Υλικών, Στατική, Μηχανική, Παραστατική, Προβολική, Μαθηματικά. | |
| 520 | _aΑντοχή Υλικών, Στατική, Μηχανική, Παραστατική, Προβολική, Μαθηματικά. | ||
| 700 | 1 | _aΞυνής Σοφοκλής | |
| 942 | _cBK | ||
| 999 |
_c2088 _d2088 |
||